书目信息 |
| 题名: |
计算机文化基础
|
|
| 作者: | 张子泉 , 张建华 主编 | |
| 分册: | ||
| 出版信息: | 北京 北京交通大学出版社 2006.09 |
|
| 页数: | 317页 | |
| 开本: | 26cm | |
| 丛书名: | ||
| 单 册: | ||
| 中图分类: | TP3 | |
| 科图分类: | ||
| 主题词: | 电子计算机--dian zi ji suan ji--高等教育--教材 | |
| 电子资源: | ||
| ISBN: | 7-81082-849-5 | |
| 000 | 00859nam0 2200241 450 | |
| 001 | 012006261741 | |
| 005 | 20070611101717.73 | |
| 010 | @a7-81082-849-5@dCNY32.00 | |
| 100 | @a20061213d2006 km y0chiy0120 ea | |
| 101 | 0 | @achi |
| 102 | @aCN@b110000 | |
| 105 | @ay z 000yy | |
| 200 | 1 | @a计算机文化基础@Aji suan ji wen hua ji chu@f张子泉, 张建华主编@Fzhang zi quan,zhang jian hua zhu bian |
| 210 | @a北京@c北京交通大学出版社@d2006.09 | |
| 215 | @a317页@d26cm | |
| 300 | @a全国高职高专教育精品规划教材 | |
| 330 | @a全书共10章。内容包括:信息技术与计算及文化;Windows 2000操作系统;字处理软件Word 2000;电子表格软件Excel 2000等。 | |
| 606 | 0 | @a电子计算机@Adian zi ji suan ji@x高等教育@j教材 |
| 690 | @aTP3@v4 | |
| 701 | 0 | @a张子泉@Azhang zi quan@4主编 |
| 701 | 0 | @a张建华@Azhang jian hua@4主编 |
| 801 | 0 | @aCN@c20070611 |
| 905 | @a10447@dTP3@eZ255 | |
| 计算机文化基础/张子泉, 张建华主编.-北京:北京交通大学出版社,2006.09 |
| 317页;26cm |
| 全国高职高专教育精品规划教材 |
| ISBN 7-81082-849-5:CNY32.00 |
| 全书共10章。内容包括:信息技术与计算及文化;Windows 2000操作系统;字处理软件Word 2000;电子表格软件Excel 2000等。 |
| ● |
| 相关链接 |
|
|
|
正题名:计算机文化基础
索取号:TP3/Z255
 
预约/预借
| 序号 | 登录号 | 条形码 | 馆藏地/架位号 | 状态 | 备注 |
| 1 | 232480 | 202324804 | 自科库301/301自科库 44排5列4层/ [索取号:TP3/Z255] | 在馆 | |
| 2 | 232481 | 202324813 | 自科库301/301自科库 44排5列4层/ [索取号:TP3/Z255] | 在馆 |